000 00469nam a22001817a 4500
003 MPLRDC
005 20220104165038.0
008 210129b ||||| |||| 00| 0 eng d
020 _a0-7214-0994-6
082 _a859.6 LADY-4 v.4 c.2
100 _aVERA SOUTHGATE
245 _aTHE THREE BILLY GOATS GRUFF
_c
260 _a
_bLADYBIRD BOOKS LTD
_c
300 _b
490 _aWELL-LOVED TALES
650 _aCHILDREN LITERATURE
942 _cBK
_o859.6 LADY-4 v.4 c.2
999 _c57273
_d57263